000 01992cam a22004214i 4500
003 PE-LiUPU
005 20250731183406.0
008 171121s2017 sp a r 001 0 eng d
020 _a9788469725603
035 _a(Sirsi) a240166
040 _aPE-LiUPU
_bspa
_cPE-LiUPU
_erda
049 _aPRUA
082 0 4 _a720
_bA6
_220
245 0 0 _aArchives /
_cEditorial directors, Carlos Quintáns, Juan Rodríguez.
246 3 _aFlores and Prats
264 1 _aEspaña :
_bC2C Proyectos,
_c2017.
300 _a271 páginas :
_bilustraciones ;
_c24 centímetros.
336 _atext
_2rdacontent
337 _aunmediated
_2rdamedia
338 _avolume
_2rdacarrier
490 0 _aArchives ;
_v1
505 0 _aFlores & prats -- Editorial -- Layers of writings and conversations -- 24 images collected by Flores & Prats -- Yutes warehouse. Barcelona, spain. 1999-2005 -- House in suitcase. Barcelona, Spain. 1996-1997 -- Providencia house. Badalona, Barcelona, Spain. 2002-2008 -- Building 111. Terresa, Barcelona, Spain. 2004-2011 -- Mills Museum. Palma de Mallorca, Spain. 1997-2002 -- Casal Balaguer. Palma de Mallorca, Spain. 1996-2016 -- The new sala beckett. Barcelona, Spain. 2011-2016 -- A conversation wiyh Antonio Miralda -- Models -- Spanish translation / Traducciones en español.
526 _aP158
526 _aP146
526 _aP17
526 _aP12
526 _aP06
526 8 _iPrograma académico :
_5PE-LiUPU
541 _g003-001760;
650 1 4 _aArquitectura
_vRevistas.
700 1 _aQuintáns, Carlos,
_edirector.
700 1 _aRodríguez, Juan,
_edirector.
910 _adbm
_bncf
_cncf
_d20171121
942 _2ddc
_cBOOK
994 _aC0
_bPEPRU
596 _a1
999 _a720 A6
_wDEWEY
_c25827
_i77247
_f2021-11-9
_g4
_lCCODEBUL1
_mBUL
_p29.05
_r0
_sY
_tBOOK
_u2017-11-21
_xINGENIERIA
_PP06
_0COMPRA
_o.STAFF. Colección Ingeniería y Arquitectura
_d25827
980 _81
_gALBERTO SANCHEZ Responsable de Automatización